Law of tort : (Record no. 84060)
[ view plain ]
| 000 -LEADER | |
|---|---|
| fixed length control field | 00898nam a22002537a 4500 |
| 005 - DATE AND TIME OF LATEST TRANSACTION | |
| control field | 20140909152617.0 |
| 010 ## - LCCN (DPL NO) | |
| LC control number | ENG-109935 |
| 020 ## - INTERNATIONAL STANDARD BOOK NUMBER | |
| International Standard Book Number | 9789350352014 |
| Terms of availability | 295.00 |
| 035 ## - SYSTEM CONTROL NUMBER | |
| System control number | EN-93468 |
| 035 ## - SYSTEM CONTROL NUMBER | |
| System control number | B-536611-617 |
| 037 ## - SOURCE OF ACQUISITION | |
| Source of stock number/acquisition | DBAD/PUB |
| 037 ## - SOURCE OF ACQUISITION | |
| Source of stock number/acquisition | KBD/Ven |
| Stock number | dpl |
| 082 ## - DEWEY DECIMAL CLASSIFICATION NUMBER | |
| Classification number | 346.03 |
| 100 ## - MAIN ENTRY--PERSONAL NAME | |
| Personal name | Singh, S.P. |
| 245 ## - TITLE STATEMENT | |
| Title | Law of tort : |
| Statement of responsibility, etc | by S.P. Singh [and] Indrajit P. Singh ; foreworded by Y.V. Chandrachud |
| Remainder of title | including compensation under the Consumer Pretection Act / |
| 250 ## - EDITION STATEMENT | |
| Edition statement | 6th ed |
| 260 ## - PUBLICATION, DISTRIBUTION, ETC. (IMPRINT) | |
| Place of publication, distribution, etc | New Delhi |
| Name of publisher, distributor, etc | Universal Law Publishing |
| Date of publication, distribution, etc | 2012 |
| 270 ## - ADDRESS | |
| Address | C-FF-1A, Dilkhush Industrial Estate, G.T. Karnal Road |
| City | Delhi |
| Postal code | 110033 |
| 300 ## - PHYSICAL DESCRIPTION | |
| Extent | lvi,380p. |
| Dimensions | 24cm(pbk) |
| 500 ## - GENERAL NOTE | |
| General note | Includes index |
| 700 ## - ADDED ENTRY--PERSONAL NAME | |
| Personal name | Indrajit P.Singh |
| 942 ## - ADDED ENTRY ELEMENTS (KOHA) | |
| Source of classification or shelving scheme | Dewey Decimal Classification |
| Item type | English Books |
| Call number suffix | SIN |
| Classification part | 346.03 |
| Withdrawn status | Lost status | Not for loan | Collection code | Home library | Current library | Date acquired | Source of acquisition | Cost, normal purchase price | Full call number | Barcode | Copy number | Cost, replacement price | Koha item type |
|---|---|---|---|---|---|---|---|---|---|---|---|---|---|
| Non-fiction | Bawana | Bawana | 09/09/2014 | KBD/BL98/28.03.2014/145/25.03.2014/31.03.2014 | 295.00 | 346.03 SIN | B-536616 | 1 | 295.00 | English Books | |||
| Written-off vide DLB M. No. 383 dt 16.05.19 | Non-fiction | Central Library | Central Library | 09/09/2014 | KBD/BL98/28.03.2014/145/25.03.2014/31.03.2014 | 295.00 | 346.03 SIN | B-536611 | 1 | 295.00 | English Books | ||
| Not For Loan | Non-fiction | D.B.Act.Division | D.B.Act.Division | 08/05/2014 | DBAD / PUB | 295.00 | 346.03 SIN | EN-93468 | 1 | 295.00 | English Books | ||
| Non-fiction | Janak Puri | Janak Puri | 09/09/2014 | KBD/BL98/28.03.2014/145/25.03.2014/31.03.2014 | 295.00 | 346.03 SIN | B-536613 | 1 | 295.00 | English Books | |||
| Written-off vide DLB M. No. 383 dt 16.05.19 | Non-fiction | Patel Nagar | Patel Nagar | 09/09/2014 | KBD/BL98/28.03.2014/145/25.03.2014/31.03.2014 | 295.00 | 346.03 SIN | B-536612 | 1 | 295.00 | English Books | ||
| Non-fiction | Sarojini Nagar | Sarojini Nagar | 09/09/2014 | KBD/BL98/28.03.2014/145/25.03.2014/31.03.2014 | 295.00 | 346.03 SIN | B-536614 | 1 | 295.00 | English Books | |||
| Non-fiction | Shahdara Branch | Shahdara Branch | 09/09/2014 | KBD/BL98/28.03.2014/145/25.03.2014/31.03.2014 | 295.00 | 346.03 SIN | B-536617 | 1 | 295.00 | English Books | |||
| Non-fiction | Vinoba Puri | Vinoba Puri | 09/09/2014 | KBD/BL98/28.03.2014/145/25.03.2014/31.03.2014 | 295.00 | 346.03 SIN | B-536615 | 1 | 295.00 | English Books |
